|
|
|
|
| LEADER |
02940nam a2200733 i 4500 |
| 001 |
nkc20213345232 |
| 003 |
CZ PrNK |
| 005 |
20211217111929.0 |
| 007 |
ta |
| 008 |
210824s2021 xr e 001 0dcze |
| 015 |
|
|
|a cnb003345232
|
| 020 |
|
|
|a 978-80-7051-308-8
|q (brožováno)
|
| 035 |
|
|
|a (OCoLC)1291385987
|
| 040 |
|
|
|a ABA001
|b cze
|d BOA001
|e rda
|
| 041 |
1 |
|
|a cze
|a pol
|h cze
|
| 043 |
|
|
|a e-pl---
|a e-xr---
|
| 045 |
|
|
|a y2y2
|
| 072 |
|
7 |
|a 80
|x Filologie
|2 Konspekt
|9 11
|
| 080 |
|
|
|a [80(=162.3)+908(437.3)]-055.2
|2 MRF
|
| 080 |
|
|
|a 81'25-055.2
|2 MRF
|
| 080 |
|
|
|a 811.162.3'25
|2 MRF
|
| 080 |
|
|
|a 81'255.4
|2 MRF
|
| 080 |
|
|
|a 06.05
|2 MRF
|
| 080 |
|
|
|a (438)
|2 MRF
|
| 080 |
|
|
|a (437.3)
|2 MRF
|
| 080 |
|
|
|a (082)
|2 MRF
|
| 100 |
1 |
|
|a Hruška, Petr,
|d 1964-
|7 jn19990209272
|4 aut
|
| 245 |
1 |
0 |
|a Dorota Dobrew /
|c autoři textů Petr Hruška, Tomáš Kubíček ; překlad Katarzyna Slowiková
|
| 264 |
|
1 |
|a Brno :
|b Moravská zemská knihovna,
|c 2021
|
| 300 |
|
|
|a 46 stran ;
|c 20 cm
|
| 336 |
|
|
|a text
|b txt
|2 rdacontent
|
| 337 |
|
|
|a bez média
|b n
|2 rdamedia
|
| 338 |
|
|
|a svazek
|b nc
|2 rdacarrier
|
| 490 |
1 |
|
|a Premia Bohemica
|
| 500 |
|
|
|a Chronologický přehled
|
| 504 |
|
|
|a Obsahuje bibliografie a rejstřík
|
| 546 |
|
|
|a Český text souběžně polsky
|
| 600 |
1 |
7 |
|a Dobreva, Doroteâ,
|d 1959-
|7 mzk2006354178
|2 czenas
|
| 648 |
|
7 |
|a 20.-21. století
|7 ch462155
|2 czenas
|
| 648 |
|
7 |
|a 21. století
|7 ch460559
|2 czenas
|
| 648 |
|
7 |
|a 2021-2030
|7 ch1094457
|2 czenas
|
| 650 |
0 |
7 |
|a Premia Bohemica (ocenění)
|7 ph1086767
|2 czenas
|
| 650 |
0 |
7 |
|a bohemistky
|7 ph250066
|z Polsko
|y 20.-21. století
|2 czenas
|
| 650 |
0 |
7 |
|a překladatelky
|7 ph228421
|z Polsko
|y 20.-21. století
|2 czenas
|
| 650 |
0 |
7 |
|a překlady z češtiny
|7 ph138240
|z Polsko
|y 21. století
|2 czenas
|
| 650 |
0 |
7 |
|a literární překlady
|7 ph122392
|z Polsko
|y 21. století
|2 czenas
|
| 650 |
0 |
7 |
|a ceny a vyznamenání
|7 ph137756
|z Česko
|y 2021-2030
|2 czenas
|
| 650 |
0 |
9 |
|a women bohemists
|z Poland
|y 20th-21st centuries
|2 eczenas
|
| 650 |
0 |
9 |
|a women translators
|z Poland
|y 20th-21st centuries
|2 eczenas
|
| 650 |
0 |
9 |
|a translations from Czech
|z Poland
|y 21st century
|2 eczenas
|
| 650 |
0 |
9 |
|a literary translations
|z Poland
|y 21st century
|2 eczenas
|
| 650 |
0 |
9 |
|a awards
|z Czechia
|y 2021-2030
|2 eczenas
|
| 655 |
|
7 |
|a sborníky
|7 fd163935
|2 czenas
|
| 655 |
|
9 |
|a miscellanea
|2 eczenas
|
| 700 |
1 |
|
|a Kubíček, Tomáš,
|d 1966-
|7 jo20000080606
|4 aut
|
| 700 |
1 |
|
|a Slowiková, Katarzyna,
|d 1979-
|7 xx0257141
|4 trl
|
| 830 |
|
0 |
|a Premia Bohemica
|0 s
|
| 856 |
4 |
1 |
|u http://www.digitalniknihovna.cz/mzk/uuid/uuid:ae29a2f0-2837-11ed-b654-5ef3fc9bb22f
|y Digitalizovaný dokument
|x NDK
|
| 910 |
2 |
|
|a BOA001
|b 2-1472.601
|
| 990 |
|
|
|a BK
|
| 995 |
|
|
|a 01
|
| 991 |
|
|
|b 202110
|c NOV
|
| 996 |
6 |
|
|b 2610881678
|c 2-1472.601
|l MZK
|r Sklad / do 1 hodiny
|n 1
|p p.v.
|w 001865738
|u 000010
|a 1
|e BOA001
|j MZK50
|s P
|
| 996 |
7 |
|
|b 2610881679
|c 2-1472.601
|l MZK
|r Sklad / do 1 hodiny
|n 0
|p p.v.
|w 001865738
|u 000020
|a 1
|e BOA001
|j MZK50
|s A
|